000 00541nam a2200205Ia 4500
003 GCL
008 140319s9999 xx 000 0 ara d
040 _aGCL /
_cGCL
082 0 4 _a921
_bن د
100 1 _aنجيب بلدى
245 1 0 _aديكارت /
_cنجيب بلدى
260 _a[S.N] :
_bدار المعارف ،
_c1987
300 _a224 ص
490 _aنوابغ الفكر الغربى
_v0
650 0 4 _aفرنسا
650 0 4 _aالفلسفة
650 0 4 _aالتراجم
650 0 4 _aديكارت
942 _2ddc
_cBK
999 _c28436
_d28436